| 000 | 00520 a2200145 4500 | ||
|---|---|---|---|
| 040 |
_aDLC _bDLC |
||
| 082 | _a954.035 | ||
| 245 |
_aLiquidation of British Empire : parliamentary debates on the Indian independence _c Dr. Ashiq Hussain Batalvi |
||
| 250 | _a1st ed. | ||
| 260 |
_aLahore : _bInstitute of Islamic Culture, _c1990. |
||
| 300 |
_a412 p. ; _c24 cm. |
||
| 650 | _aIndia --Politics and government --1919-1947.Pakistan --Politics and government. | ||
| 700 | _aBatalvi, Ashiq Hussain | ||
| 942 |
_cBK _k954.035 BAT _2ddc |
||
| 999 |
_c5171 _d5171 |
||